000 00236 a2200085 4500
020 _a9781032517162
100 _aTan Yigitcanlar
245 _ast Edition Smart City Blueprint Framework, Technology, Platform
260 _bChapman & Hall
_c2023
999 _c13122
_d13122